| Tag |
First Indicator |
Second Indicator |
Subfields |
| LEADER |
00000cam a2200000Ia 4500 |
| 001 |
in00002002159 |
| 005 |
20220105141732.0 |
| 006 |
m d |
| 007 |
cr cnu---unuuu |
| 008 |
040415s2003 nju sb 001 0 eng d |
| 020 |
|
|
|a 0813535387 (electronic bk.)
|
| 035 |
|
|
|a (OCoLC)ocm54961680
|
| 040 |
|
|
|a N$T
|c N$T
|d OCLCQ
|d UtOrBLW
|
| 043 |
|
|
|a e-pl---
|
| 049 |
|
|
|a IKMN
|
| 050 |
1 |
4 |
|a D804.3
|b .C69 2003eb
|
| 082 |
0 |
4 |
|a 940.53/18/09438
|2 22
|
| 245 |
0 |
0 |
|a Contested memories :
|b Poles and Jews during the Holocaust and its aftermath /
|c edited by Joshua D. Zimmerman.
|
| 264 |
|
1 |
|a New Brunswick, NJ :
|b Rutgers University Press,
|c [2003]
|
| 264 |
|
4 |
|c ©2003
|
| 300 |
|
|
|a xx, 324 pages ;
|c 24 cm.
|
| 336 |
|
|
|a text
|b txt
|2 rdacontent
|
| 337 |
|
|
|a computer
|b c
|2 rdamedia
|
| 338 |
|
|
|a online resource
|b cr
|2 rdacarrier
|
| 504 |
|
|
|a Includes bibliographical references and index.
|
| 505 |
0 |
0 |
|g Introduction:
|t Changing perceptions in the historiography of Polish-Jewish relations during the Second World War /
|r Joshua D. Zimmerman --
|g PART I. The prewar legacy: --
|t Emigration versus emigrationsim: Zionism in Poland and the terrtorialist projects of the Polish authorities, 1936-1939 /
|r Emanuel Melzer --
|t Lwów, 1918: the transmutation of a symbol and its legacy in the Holocaust /
|r David Engel --
|g PART II. The widening gap, 1939-1941: --
|t Psychological distance between Poles and Jews in Nazi-occupied Warsaw /
|r Barbara Engelking-Boni --
|t Polish Jews under Soviet occupation, 1939-1941: specific strategies of survival /
|r Andrzej Żbikowski --
|t Facing Hitler and Stalin: on the subject of Jewish "collaboration" in Soviet-occupied Eastern Poland, 1939-1941 /
|r Ben Cion Pinchuk --
|t Jews and their Polish neighbors: the case of Jedwabne in the summer of 1941 /
|r Jan T. Gross --
|g PART III. Institutional Polish responses to the Final Solution: --
|t Polish government-in-exile and the Final Solution: what conditioned its actions and inactions? /
|r Dariusz Stola --
|t Attitude of the Polish underground to the Jewish question during the Second World War /
|r Shmuel Krakowski --
|t Polish Catholics and the Jews during the Holocaust: heroism, timidity, and collaboration /
|r John T. Pawlikowski --
|t PART IV. Poles through Jewish eyes: --
|t Poland and the Polish nation as reflected in the Jewish underground press /
|r Daniel Blatman --
|t Jewish and Polish perceptions of the Shoah as reflected in wartime diaries and memoirs /
|r Feliks Tych --
|t Polish-Jewish relations in the writings of Emmanuel Ringelblum /
|r Samuel Kassow --
|t Metaphysical nationality in the Warsaw Ghetto: non-Jews in the wartime writings of Rabbi Kalonimus Kalmish Shapiro /
|r Henry Abramson --
|g PART V. The destruction of Polish Jewry and Polish popular opinion: --
|t Ringelblum revisited: Polish-Jewish relations in occupied Warsaw, 1940-1945 /
|r Gunnar S. Paulsson --
|t Hiding and passing on the Aryan side: a gendered comparison /
|r Nechama Tec --
|t Some issues in Jewish-Polish relations during the Second World War /
|r Israel Gutman --
|g PART VI. Aftermath: --
|t Cracow Pogrom of August 1945: a narrative reconstruction /
|r Anna Cichopek --
|t Impact of the Holocaust on Jewish attitudes in postwar Poland /
|r Bożena Szaynok --
|t Jewish responses to antisemitism in Poland, 1944-1947 /
|r Natalia Aleksiun --
|t Teaching about the Holocaust in Poland /
|r Michael C. Steinlauf --
|t Collective memory and contemporary Polish-Jewish relations /
|r Zvi Gitelman --
|t Impact of the Shoah on the thinking of contemporary Polish Jewry: a personal account /
|r Stanisław Krajewski.
|
| 533 |
|
|
|a Electronic reproduction.
|b Boulder, Colo. :
|c NetLibrary,
|d 2004.
|n Available via World Wide Web.
|n Access may be limited to NetLibrary affiliated libraries.
|
| 500 |
|
|
|a Electronic resource.
|
| 650 |
|
0 |
|a Holocaust, Jewish (1939-1945)
|z Poland.
|0 http://id.loc.gov/authorities/subjects/sh85061520
|
| 650 |
|
0 |
|a Holocaust, Jewish (1939-1945)
|x Public opinion.
|0 http://id.loc.gov/authorities/subjects/sh2008105740
|
| 650 |
|
0 |
|a Public opinion
|z Poland.
|0 http://id.loc.gov/authorities/subjects/sh2008109537
|
| 651 |
|
0 |
|a Poland
|x Ethnic relations.
|0 http://id.loc.gov/authorities/subjects/sh2008110233
|
| 655 |
|
7 |
|a Electronic books.
|2 local
|
| 700 |
1 |
|
|a Zimmerman, Joshua D.
|0 http://id.loc.gov/authorities/names/n2002055616
|
| 710 |
2 |
|
|a NetLibrary, Inc.
|0 http://id.loc.gov/authorities/names/no99080690
|
| 776 |
1 |
|
|c Original
|z 0813531586
|w (DLC) 2002017876
|w (OCoLC)49225446
|
| 856 |
4 |
1 |
|u https://proxy.library.tamu.edu/login?url=http://www.netLibrary.com/urlapi.asp?action=summary&v=1&bookid=107159
|z Connect to the full text of this electronic book
|t 0
|
| 994 |
|
|
|a 92
|b IKM
|
| 999 |
|
|
|a MARS
|
| 999 |
f |
f |
|s d50c7185-b1ae-3432-aafa-a9dfef6b5ad4
|i 91316bc3-f0ec-32bd-8f5f-2bde2550d20e
|t 0
|
| 952 |
f |
f |
|a Texas A&M University
|b College Station
|c Electronic Resources
|d Available Online
|t 0
|e D804.3 .C69 2003eb
|h Library of Congress classification
|
| 998 |
f |
f |
|a D804.3 .C69 2003eb
|t 0
|l Available Online
|